000 00498nam a2200169Ia 4500
003 GCL
008 140319s9999 xx 000 0 ara d
040 _aGCL /
_cGCL
082 0 4 _aد
_b050
100 1 _aسمير محمد حواسك
245 1 0 _aفى بلاد العبابدة ( اقرا 454 ) /
_cسمير محمد حواسك
300 _a162 ص
490 _aوثائق ونصوص
_v0
650 0 4 _aالرحلات فى الادب
650 0 4 _aمصر - وصف ورحلات
942 _2ddc
_cCF
999 _c27191
_d27191